[Event "Ruhrgebiet Verbandsliga Gruppe 2 1718"]
[Site "Germany"]
[Date "2017.11.05"]
[Round "3.2"]
[White "Pilat, Daniel"]
[Black "Kortenbusch, Christoph"]
[Result "1/2-1/2"]
[WhiteElo "2128"]
[BlackElo "2066"]
[PlyCount "28"]
[EventDate "2017.09.17"]
[EventType "team-tourn"]
[EventRounds "9"]
[EventCountry "GER"]
[SourceTitle "EXT 2022"]
[Source "ChessBase"]
[SourceDate "2021.10.06"]
[SourceVersion "1"]
[SourceVersionDate "2021.10.06"]
[SourceQuality "1"]
[WhiteTeam "Bochum SG III"]
[BlackTeam "Holsterhausen SK"]
[WhiteTeamCountry "GER"]
[BlackTeamCountry "GER"]

1. e4 c5 2. Nc3 Nc6 3. Bb5 Nd4 4. Nf3 g6 5. Nxd4 cxd4 6. Ne2 Bg7 7. 0-0 Nf6 8. d3 0-0 9. f4 d5 10. e5 Ng4 11. Ba4 f6 12. h3 Ne3 13. Bxe3 dxe3 14. d4 b5 1/2-1/2

[Event "Ruhrgebiet Verbandsliga Gruppe 2 1718"]
[Site "Germany"]
[Date "2017.09.17"]
[Round "1.2"]
[White "Pilat, Daniel"]
[Black "Brueggestrass, Volker"]
[Result "1/2-1/2"]
[WhiteElo "2128"]
[BlackElo "2021"]
[PlyCount "52"]
[EventDate "2017.09.17"]
[EventType "team-tourn"]
[EventRounds "9"]
[EventCountry "GER"]
[SourceTitle "EXT 2022"]
[Source "ChessBase"]
[SourceDate "2021.10.06"]
[SourceVersion "1"]
[SourceVersionDate "2021.10.06"]
[SourceQuality "1"]
[WhiteTeam "Bochum SG III"]
[BlackTeam "Gerthe Werne"]
[WhiteTeamCountry "GER"]
[BlackTeamCountry "GER"]

1. d4 Nf6 2. Nf3 g6 3. g3 d5 4. Bg2 Bg7 5. b4 a5 6. b5 c5 7. bxc6 Nxc6 8. Nbd2 Ne4 9. Bb2 e5 10. Nxe4 dxe4 11. Nxe5 Nxe5 12. dxe5 Qe7 13. 0-0 Bxe5 14. Rb1 0-0 15. Qd5 Re8 16. e3 Bxb2 17. Rxb2 Be6 18. Qxe4 Rab8 19. Qa4 b6 20. h4 Rec8 21. Rd1 Rc4 22. Qb5 Qc7 23. Qg5 Rxc2 24. Rxc2 Qxc2 25. Rd8+ Rxd8 26. Qxd8+ Kg7 1/2-1/2

[Event "Ruhrgebiet Verbandsliga2 1213"]
[Site "Nordrheinwestfalen"]
[Date "2013.01.13"]
[Round "5.1"]
[White "Quast, Marcel"]
[Black "Pilat, Daniel"]
[Result "1-0"]
[WhiteElo "2137"]
[BlackElo "2149"]
[PlyCount "101"]
[EventDate "2012.09.02"]
[EventType "team-tourn"]
[EventRounds "9"]
[EventCountry "GER"]
[SourceTitle "EXT 2020"]
[Source "ChessBase"]
[SourceDate "2019.10.17"]
[SourceVersion "1"]
[SourceVersionDate "2019.10.17"]
[SourceQuality "1"]
[WhiteTeam "Gerthe Werne"]
[BlackTeam "Bochum SG III"]
[WhiteTeamCountry "GER"]
[BlackTeamCountry "GER"]

1. e4 c5 2. d4 cxd4 3. c3 d3 4. Bxd3 e6 5. c4 a6 6. Nc3 Qc7 7. Nf3 d6 8. 0-0 Nf6 9. Qe2 Nbd7 10. Rd1 Be7 11. h3 b6 12. Bf4 Bb7 13. Rac1 Rc8 14. a3 0-0 15. Bb1 Ne5 16. Nd2 Nfd7 17. Be3 Qb8 18. f4 Ng6 19. Qf2 Ba8 20. Bd3 Nc5 21. Be2 f5 22. exf5 Nh4 23. g4 Qb7 24. Kh2 exf5 25. g5 Qg2+ 26. Qxg2 Nxg2 27. Nf1 Ne4 28. Nd5 Bxd5 29. cxd5 Nxe3 30. Nxe3 b5 31. Nxf5 Bxg5 32. Rxc8 Rxc8 33. fxg5 Rc2 34. Nd4 Rxb2 35. Rd3 Nc5 36. Re3 Rd2 37. Nf5 g6 38. Re8+ Kf7 39. Nxd6+ Kg7 40. Re7+ Kf8 41. Re8+ Kg7 42. Re5 Nb3 43. Kg3 Nd4 44. Bg4 Rd3+ 45. Kf4 Rxa3 46. Re7+ Kg8 47. Be6+ Nxe6+ 48. dxe6 Rxh3 49. Re8+ Kg7 50. e7 Rd3 51. Rg8+ 1-0

[Event "Ruhrgebiet Verbandsliga2 1213"]
[Site "Nordrheinwestfalen"]
[Date "2012.12.02"]
[Round "4.1"]
[White "Pilat, Daniel"]
[Black "Zatonskih, Vitaly"]
[Result "1/2-1/2"]
[WhiteElo "2149"]
[BlackElo "2287"]
[PlyCount "68"]
[EventDate "2012.09.02"]
[EventType "team-tourn"]
[EventRounds "9"]
[EventCountry "GER"]
[SourceTitle "EXT 2020"]
[Source "ChessBase"]
[SourceDate "2019.10.17"]
[SourceVersion "1"]
[SourceVersionDate "2019.10.17"]
[SourceQuality "1"]
[WhiteTeam "Bochum SG III"]
[BlackTeam "Muelheim Nord III"]
[WhiteTeamCountry "GER"]
[BlackTeamCountry "GER"]

1. d4 e6 2. Nf3 c5 3. e3 Nf6 4. Bd3 Nc6 5. 0-0 Be7 6. b3 0-0 7. Bb2 b6 8. c4 cxd4 9. exd4 d5 10. Nbd2 Bb7 11. Qe2 Rc8 12. Rac1 Nb4 13. Bb1 Ba6 14. Ne5 Bd6 15. Rfd1 Qe7 16. Qf3 Bb7 17. Qh3 h6 18. Rc3 Rfd8 19. Rg3 Kf8 20. Bg6 Bxe5 21. dxe5 Ne4 22. Bxe4 dxe4 23. Qg4 g6 24. Ba3 a5 25. Qf4 Kg7 26. Re1 f5 27. exf6+ Qxf6 28. Qxf6+ Kxf6 29. Bxb4 axb4 30. Nf1 Ra8 31. Ne3 h5 32. Re2 Bc6 33. h4 Ra5 34. Rg5 Rda8 1/2-1/2

[Event "Ruhrgebiet Verbandsliga2 1213"]
[Site "Nordrheinwestfalen"]
[Date "2012.09.30"]
[Round "2.1"]
[White "Pilat, Daniel"]
[Black "Soehnchen, Andreas"]
[Result "1/2-1/2"]
[WhiteElo "2149"]
[BlackElo "2132"]
[PlyCount "33"]
[EventDate "2012.09.02"]
[EventType "team-tourn"]
[EventRounds "9"]
[EventCountry "GER"]
[SourceTitle "EXT 2020"]
[Source "ChessBase"]
[SourceDate "2019.10.17"]
[SourceVersion "1"]
[SourceVersionDate "2019.10.17"]
[SourceQuality "1"]
[WhiteTeam "Bochum SG III"]
[BlackTeam "Oberhausen SV II"]
[WhiteTeamCountry "GER"]
[BlackTeamCountry "GER"]

1. d4 Nf6 2. Nf3 g6 3. g3 Bg7 4. Bg2 d6 5. b3 c5 6. Bb2 cxd4 7. Nxd4 d5 8. Nd2 0-0 9. c4 e5 10. Nb5 a6 11. Nc3 d4 12. Nd5 Nxd5 13. Bxd5 Nc6 14. 0-0 Bh3 15. Re1 Qd7 16. Ba3 Ne7 17. Bxe7 1/2-1/2

[Event "Ruhrgebiet Regionalliga 1112"]
[Site "Nordrheinwestfalen"]
[Date "2012.03.18"]
[Round "8.1"]
[White "Bee, Marcus"]
[Black "Pilat, Daniel"]
[Result "1/2-1/2"]
[WhiteElo "2191"]
[BlackElo "2168"]
[PlyCount "31"]
[EventDate "2011.09.25"]
[EventType "team-tourn"]
[EventRounds "9"]
[EventCountry "GER"]
[SourceTitle "EXT 2020"]
[Source "ChessBase"]
[SourceDate "2019.10.17"]
[SourceVersion "1"]
[SourceVersionDate "2019.10.17"]
[SourceQuality "1"]
[WhiteTeam "Holsterhausen SK"]
[BlackTeam "Bochum SG III"]
[WhiteTeamCountry "GER"]
[BlackTeamCountry "GER"]

1. Nf3 c5 2. c4 Nf6 3. g3 b6 4. Bg2 Bb7 5. 0-0 e6 6. Nc3 a6 7. b3 Be7 8. Bb2 0-0 9. e3 d5 10. cxd5 Nxd5 11. Ne2 Nd7 12. d4 Ra7 13. Rc1 Qa8 14. dxc5 Nxc5 15. Ned4 Bf6 16. Qe2 1/2-1/2

[Event "Ruhrgebiet Regionalliga 1011"]
[Site "Nordrheinwestfalen"]
[Date "2011.04.03"]
[Round "8.1"]
[White "Happel, Heiner"]
[Black "Pilat, Daniel"]
[Result "1/2-1/2"]
[WhiteElo "2217"]
[BlackElo "2153"]
[PlyCount "95"]
[EventDate "2010.09.19"]
[EventType "team-tourn"]
[EventRounds "9"]
[EventCountry "GER"]
[SourceTitle "EXT 2020"]
[Source "ChessBase"]
[SourceDate "2019.10.17"]
[SourceVersion "1"]
[SourceVersionDate "2019.10.17"]
[SourceQuality "1"]
[WhiteTeam "Koenigsspringer Hamm"]
[BlackTeam "Bochum SG III"]
[WhiteTeamCountry "GER"]
[BlackTeamCountry "GER"]

1. d4 Nf6 2. Nf3 e6 3. c4 c5 4. g3 cxd4 5. Nxd4 d5 6. Bg2 Bb4+ 7. Nc3 0-0 8. cxd5 Nxd5 9. Bd2 Ne7 10. a3 Ba5 11. b4 Qxd4 12. bxa5 Nbc6 13. Qc2 Qc4 14. 0-0 Bd7 15. Rfc1 Nf5 16. Qb2 Nxa5 17. Ne4 Qxe2 18. Re1 Qa6 19. Nc5 Nc4 20. Qb4 Qb5 21. Nxd7 Qxd7 22. Bc3 Nb6 23. Rad1 Qe7 24. Qg4 Qc7 25. Be5 Qc4 26. Rd4 h5 27. Rxc4 hxg4 28. Rxg4 Rac8 29. Bxb7 Rc4 30. Be4 f6 31. Ba1 Nh6 32. Rh4 Kf7 33. Rh5 Rfc8 34. Rb5 Rxe4 35. Rxe4 Rc1+ 36. Kg2 Rxa1 37. Ra5 e5 38. Rxa7+ Kg6 39. a4 Kf5 40. f3 Ra2+ 41. Kh3 Kg6 42. a5 Na4 43. Rc4 Nf7 44. f4 exf4 45. gxf4 Nd6 46. Rc1 Ra3+ 47. Kg2 Nc3 48. a6 1/2-1/2

[Event "Ruhrgebiet Regionalliga 1011"]
[Site "Nordrheinwestfalen"]
[Date "2011.03.06"]
[Round "7.1"]
[White "Pilat, Daniel"]
[Black "Van Eijk, Sander"]
[Result "1-0"]
[WhiteElo "2153"]
[BlackElo "2321"]
[PlyCount "81"]
[EventDate "2010.09.19"]
[EventType "team-tourn"]
[EventRounds "9"]
[EventCountry "GER"]
[SourceTitle "EXT 2020"]
[Source "ChessBase"]
[SourceDate "2019.10.17"]
[SourceVersion "1"]
[SourceVersionDate "2019.10.17"]
[SourceQuality "1"]
[WhiteTeam "Bochum SG III"]
[BlackTeam "Essen Ueberruhr"]
[WhiteTeamCountry "GER"]
[BlackTeamCountry "GER"]

1. d4 Nf6 2. Nf3 e6 3. e3 b6 4. Bd3 Bb7 5. 0-0 c5 6. c4 Be7 7. Nc3 cxd4 8. exd4 d6 9. d5 e5 10. b3 Nbd7 11. a4 0-0 12. Ng5 h6 13. Nh3 Bc8 14. f4 exf4 15. Nxf4 Ne5 16. Bb1 Bg4 17. Qc2 g6 18. Nd3 Kg7 19. Qd2 g5 20. Bb2 Nfd7 21. Nb5 Bh5 22. Nd4 Bg6 23. Nc6 Qe8 24. Ndxe5 dxe5 25. Nxe7 Qxe7 26. Bxg6 Kxg6 27. Qc2+ e4 28. g4 f5 29. Ba3 Qe5 30. Bxf8 Rxf8 31. Rae1 Nc5 32. gxf5+ Rxf5 33. Rxf5 Kxf5 34. Rf1+ Kg6 35. Qf2 Kh5 36. Qf7+ Kh4 37. Qf2+ Kh5 38. Qf7+ Kh4 39. Qf6 Nd3 40. Qxh6+ Kg4 41. Qe6+ 1-0

[Event "Ruhrgebiet Regionalliga 1011"]
[Site "Nordrheinwestfalen"]
[Date "2010.09.19"]
[Round "1.1"]
[White "Loyen, Egbert"]
[Black "Pilat, Daniel"]
[Result "1-0"]
[WhiteElo "2107"]
[BlackElo "2153"]
[PlyCount "87"]
[EventDate "2010.09.19"]
[EventType "team-tourn"]
[EventRounds "9"]
[EventCountry "GER"]
[SourceTitle "EXT 2020"]
[Source "ChessBase"]
[SourceDate "2019.10.17"]
[SourceVersion "1"]
[SourceVersionDate "2019.10.17"]
[SourceQuality "1"]
[WhiteTeam "Weisse Dame Borbeck"]
[BlackTeam "Bochum SG III"]
[WhiteTeamCountry "GER"]
[BlackTeamCountry "GER"]

1. Nf3 d5 2. g3 Nf6 3. Bg2 Bg4 4. d3 Nbd7 5. 0-0 e6 6. Nbd2 c6 7. h3 Bh5 8. e4 Qc7 9. Qe2 dxe4 10. dxe4 Ne5 11. Nc4 Nxc4 12. Qxc4 e5 13. a4 Be7 14. Nh4 Nd7 15. Nf5 Nb6 16. Qc3 0-0 17. a5 Nc8 18. Be3 Re8 19. g4 Bg6 20. Rfd1 Bf8 21. Rd3 Nd6 22. Nxd6 Bxd6 23. Rad1 Red8 24. Qd2 Be7 25. Rd7 Qc8 26. Bxa7 Rxd7 27. Qxd7 Qxd7 28. Rxd7 Rxa7 29. Rxe7 f6 30. b4 c5 31. c3 cxb4 32. cxb4 h5 33. f3 hxg4 34. hxg4 Bf7 35. Bf1 Kf8 36. Rc7 Be8 37. a6 Rxa6 38. Bxa6 bxa6 39. Kf2 Bb5 40. Ke3 Kg8 41. f4 exf4+ 42. Kxf4 Kh7 43. Kf5 Kh6 44. Rb7 1-0

[Event "Ruhrgebiet Regionalliga 0910"]
[Site "Germany"]
[Date "2010.05.02"]
[Round "9.1"]
[White "Eismont, Oleg"]
[Black "Pilat, Daniel"]
[Result "1/2-1/2"]
[WhiteElo "2326"]
[BlackElo "2174"]
[PlyCount "37"]
[EventDate "2009.09.06"]
[EventType "team-tourn"]
[EventRounds "9"]
[EventCountry "GER"]
[SourceTitle "EXT 2011"]
[Source "ChessBase"]
[SourceDate "2010.11.26"]
[SourceVersion "1"]
[SourceVersionDate "2010.11.26"]
[SourceQuality "1"]
[WhiteTeam "Dortmund Hansa II"]
[BlackTeam "Bochum SG III"]
[WhiteTeamCountry "GER"]
[BlackTeamCountry "GER"]

1. e4 c5 2. Nc3 e6 3. Nf3 a6 4. g3 b6 5. Bg2 Bb7 6. 0-0 d6 7. Ne1 Qc7 8. f4 Nf6 9. g4 d5 10. e5 Nfd7 11. Nf3 Nc6 12. Ne2 h5 13. gxh5 Rxh5 14. Ng3 Rh8 15. Ng5 Be7 16. Qg4 Bxg5 17. Qxg5 Qd8 18. Qxd8+ Rxd8 19. d3 1/2-1/2

[Event "Ruhrgebiet Regionalliga 0910"]
[Site "Germany"]
[Date "2010.01.18"]
[Round "5.1"]
[White "Pilat, Daniel"]
[Black "Happel, Heiner"]
[Result "1-0"]
[WhiteElo "2174"]
[BlackElo "2255"]
[PlyCount "109"]
[EventDate "2009.09.06"]
[EventType "team-tourn"]
[EventRounds "9"]
[EventCountry "GER"]
[SourceTitle "EXT 2011"]
[Source "ChessBase"]
[SourceDate "2010.11.26"]
[SourceVersion "1"]
[SourceVersionDate "2010.11.26"]
[SourceQuality "1"]
[WhiteTeam "Bochum SG III"]
[BlackTeam "Hamm Koenigsspringer"]
[WhiteTeamCountry "GER"]
[BlackTeamCountry "GER"]

1. d4 e6 2. Nf3 f5 3. g3 Nf6 4. Bg2 d5 5. 0-0 c6 6. c4 Be7 7. b3 0-0 8. Ba3 Ne4 9. Bxe7 Qxe7 10. Qc2 Bd7 11. Ne5 Be8 12. f3 Nf6 13. e3 Nbd7 14. Nxd7 Bxd7 15. f4 Rfc8 16. c5 b6 17. Nd2 bxc5 18. Qxc5 Qxc5 19. dxc5 a5 20. h3 Rcb8 21. Rfc1 a4 22. Rcb1 axb3 23. axb3 Rxa1 24. Rxa1 Rb5 25. Rc1 Ra5 26. Nf3 Kf8 27. Nd4 Ke7 28. Rc2 Ra1+ 29. Kf2 Kd8 30. Bf3 Kc7 31. g4 Bc8 32. g5 Ne8 33. b4 Rb1 34. b5 cxb5 35. Ra2 Kb7 36. c6+ Kb8 37. Be2 Nc7 38. Bd3 Rb4 39. Nc2 Ra4 40. Rb2 Ba6 41. Nd4 Ra5 42. h4 Ka7 43. h5 Kb6 44. h6 gxh6 45. gxh6 Ra1 46. Kg2 Re1 47. Be2 Kc5 48. Ra2 Kd6 49. Nf3 Rc1 50. Ng5 Rxc6 51. Nxh7 Ke7 52. Ng5 Kf8 53. Bh5 b4 54. Nf7 e5 55. h7 1-0

[Event "GER-chT U20"]
[Site "Chemnitz"]
[Date "2009.12.28"]
[Round "3.2"]
[White "Schneider, David"]
[Black "Pilat, Daniel"]
[Result "1/2-1/2"]
[WhiteElo "2273"]
[BlackElo "2174"]
[PlyCount "39"]
[EventDate "2009.12.27"]
[EventType "team-swiss"]
[EventRounds "7"]
[EventCountry "GER"]
[SourceTitle "EXT 2022"]
[Source "ChessBase"]
[SourceDate "2021.10.06"]
[SourceVersion "1"]
[SourceVersionDate "2021.10.06"]
[SourceQuality "1"]
[WhiteTeam "Grossenseebach U20"]
[BlackTeam "Bochum SG 1931 U20"]
[WhiteTeamCountry "GER"]
[BlackTeamCountry "GER"]

1. e4 c5 2. Nf3 e6 3. d4 cxd4 4. Nxd4 a6 5. Bd3 d5 6. exd5 Qxd5 7. 0-0 Nd7 8. Be3 Ngf6 9. Nc3 Qd6 10. a4 Qc7 11. Bg5 Bd6 12. h3 Qc5 13. Be3 Qc7 14. Be2 Bf4 15. Bxf4 Qxf4 16. Re1 0-0 17. Bf1 b6 18. Nce2 Qc7 19. Ra3 Nd5 20. Nc3 1/2-1/2

[Event "NRW Class2 0910"]
[Site "Germany"]
[Date "2009.12.20"]
[Round "4.7"]
[White "Pilat, Daniel"]
[Black "Schwanbeck, Christoph"]
[Result "1-0"]
[WhiteElo "2174"]
[BlackElo "1963"]
[PlyCount "63"]
[EventDate "2009.09.20"]
[EventType "team-tourn"]
[EventRounds "9"]
[EventCountry "GER"]
[SourceTitle "EXT 2011"]
[Source "ChessBase"]
[SourceDate "2010.11.26"]
[SourceVersion "1"]
[SourceVersionDate "2010.11.26"]
[SourceQuality "1"]
[WhiteTeam "Bochum SG II"]
[BlackTeam "Iserlohn Koenigsspringer"]
[WhiteTeamCountry "GER"]
[BlackTeamCountry "GER"]

1. d4 Nf6 2. Nf3 e6 3. e3 b6 4. Bd3 Bb7 5. 0-0 Be7 6. Nbd2 0-0 7. b3 c5 8. Bb2 d6 9. c4 Nbd7 10. Rc1 Rc8 11. Qe2 cxd4 12. exd4 Rc7 13. Rfe1 Re8 14. Ng5 Bf8 15. d5 e5 16. Bb1 b5 17. f4 h6 18. Ngf3 bxc4 19. bxc4 Ba6 20. Qd3 Qb8 21. Ba1 Nc5 22. Qc2 Qb6 23. Kh1 Ncd7 24. fxe5 dxe5 25. Nxe5 Nxe5 26. Rxe5 Rec8 27. Rf5 Be7 28. Be5 Rb7 29. Rxf6 Bxf6 30. Qh7+ Kf8 31. d6 Ke8 32. Qg8+ 1-0

[Event "NRW Class2 0910"]
[Site "Germany"]
[Date "2009.09.21"]
[Round "1.5"]
[White "Pilat, Daniel"]
[Black "Van Dooren, Dirk"]
[Result "1-0"]
[WhiteElo "2174"]
[BlackElo "2299"]
[PlyCount "73"]
[EventDate "2009.09.20"]
[EventType "team-tourn"]
[EventRounds "9"]
[EventCountry "GER"]
[SourceTitle "EXT 2011"]
[Source "ChessBase"]
[SourceDate "2010.11.26"]
[SourceVersion "1"]
[SourceVersionDate "2010.11.26"]
[SourceQuality "1"]
[WhiteTeam "Bochum SG II"]
[BlackTeam "Aachen Aufwaerts"]
[WhiteTeamCountry "GER"]
[BlackTeamCountry "GER"]

1. d4 f5 2. g3 Nf6 3. Bg2 e6 4. Nf3 Be7 5. 0-0 0-0 6. c4 d6 7. Nc3 Ne4 8. Qc2 Nxc3 9. Qxc3 a5 10. Bd2 Bf6 11. Qc2 Nc6 12. Bc3 e5 13. dxe5 dxe5 14. e4 Nd4 15. Bxd4 exd4 16. e5 Be7 17. c5 Qd5 18. Ng5 Qxe5 19. Qc4+ Kh8 20. Nf7+ Rxf7 21. Qxf7 Qf6 22. Qe8+ Qf8 23. Qxf8+ Bxf8 24. Rfe1 Bd7 25. Bxb7 Rd8 26. Re5 Bb5 27. Bf3 Bd3 28. Rc1 g6 29. Rd5 Rxd5 30. Bxd5 Be2 31. Bc4 Bf3 32. Bd3 Bd5 33. a3 a4 34. Kf1 Kg7 35. Ke2 Kf6 36. Bb5 Be4 37. f3 1-0

[Event "GER-chT U20"]
[Site "Arendsee"]
[Date "2008.12.27"]
[Round "1.5"]
[White "Kleinschmidt, Rene"]
[Black "Pilat, Daniel"]
[Result "0-1"]
[WhiteElo "1916"]
[BlackElo "2075"]
[PlyCount "122"]
[EventDate "2008.12.27"]
[EventType "team-swiss"]
[EventRounds "7"]
[EventCountry "GER"]
[SourceTitle "CBM 128 Extra"]
[Source "ChessBase"]
[SourceDate "2009.03.05"]
[SourceVersion "2"]
[SourceVersionDate "2009.03.25"]
[SourceQuality "1"]
[WhiteTeam "Nordhorn Blanke"]
[BlackTeam "Bochum"]
[WhiteTeamCountry "GER"]
[BlackTeamCountry "GER"]

1. e4 c5 2. c3 d5 3. exd5 Qxd5 4. d4 Nc6 5. Nf3 Bg4 6. Be2 e6 7. 0-0 cxd4 8. cxd4 Nf6 9. Nc3 Qd6 10. Nb5 Qd8 11. Bg5 Be7 12. Rc1 a6 13. Nc3 0-0 14. Ne5 Bxe2 15. Nxe2 Rc8 16. Qa4 Nxe5 17. dxe5 Rxc1 18. Rxc1 Nd5 19. Bxe7 Qxe7 20. h3 h6 21. Qg4 Qb4 22. Qxb4 Nxb4 23. Rc4 Nc6 24. f4 Rd8 25. Rc2 g5 26. g3 Rd3 27. Kf2 gxf4 28. Nxf4 Rd4 29. Ke3 Ra4 30. b3 Ra5 31. Nd3 Nxe5 32. Rc5 Nc6 33. Rxa5 Nxa5 34. Nc5 Kf8 35. b4 Nc4+ 36. Kd4 Nd6 37. g4 Ke7 38. h4 Kf6 39. Nd7+ Ke7 40. Nc5 Kf6 41. Nd7+ Ke7 42. Nc5 f6 43. Ke3 e5 44. a4 Kf7 45. Kf3 Kg6 46. Kg3 h5 47. Nd7 hxg4 48. h5+ Kg5 49. Nc5 Kxh5 50. Nd3 Ne4+ 51. Kg2 Kg5 52. b5 axb5 53. axb5 Kf5 54. b6 Ke6 55. Nb4 Kd6 56. Nc2 f5 57. Ne3 Ke6 58. Nc4 f4 59. Na5 Nd6 60. Nb3 Kd5 61. Nc1 e4 0-1

[Event "Oberhausen op"]
[Site "Oberhausen"]
[Date "2008.??.??"]
[Round "5"]
[White "Schebler, Gerhard"]
[Black "Pilat, Daniel"]
[Result "1-0"]
[WhiteElo "2455"]
[BlackElo "2120"]
[PlyCount "59"]
[EventDate "2008.03.20"]
[EventType "swiss"]
[EventRounds "7"]
[EventCountry "GER"]
[SourceTitle "CBM 123 Extra"]
[Source "ChessBase"]
[SourceDate "2008.05.06"]
[SourceVersion "1"]
[SourceVersionDate "2008.05.06"]
[SourceQuality "1"]

1. e4 c5 2. Nf3 e6 3. Nc3 a6 4. g3 b5 5. Bg2 Bb7 6. d3 d6 7. 0-0 Nf6 8. Ng5 h6 9. Nh3 Be7 10. Nf4 Qc7 11. Nh5 Nxh5 12. Qxh5 Nd7 13. f4 g6 14. Qe2 g5 15. a3 b4 16. Nd1 gxf4 17. Bxf4 0-0-0 18. c3 a5 19. d4 b3 20. Ne3 Nb8 21. Qh5 f5 22. d5 e5 23. Nxf5 exf4 24. Bh3 Nd7 25. Nxe7+ Kb8 26. Ng6 Rhe8 27. Rxf4 Qb6 28. Bxd7 Rxd7 29. Nf8 Rde7 30. Qxe8+ 1-0

[Event "GER-chT U20"]
[Site "Kelheim"]
[Date "2007.12.29"]
[Round "5.2"]
[White "Dittmann, Moritz"]
[Black "Pilat, Daniel"]
[Result "1/2-1/2"]
[WhiteElo "1901"]
[BlackElo "2079"]
[PlyCount "73"]
[EventDate "2007.12.27"]
[EventType "team-swiss"]
[EventRounds "7"]
[EventCountry "GER"]
[SourceTitle "EXT 2022"]
[Source "ChessBase"]
[SourceDate "2021.10.06"]
[SourceVersion "1"]
[SourceVersionDate "2021.10.06"]
[SourceQuality "1"]
[WhiteTeam "Hofheim U20"]
[BlackTeam "Bochum SG 1931 U20"]
[WhiteTeamCountry "GER"]
[BlackTeamCountry "GER"]

1. e4 c5 2. Nf3 e6 3. Nc3 a6 4. d4 cxd4 5. Nxd4 Qc7 6. g3 b5 7. Bg2 Bb7 8. 0-0 Nf6 9. Re1 b4 10. Na4 Nc6 11. c3 Qa5 12. e5 Nd5 13. Bxd5 exd5 14. Nf5 h5 15. Nd6+ Bxd6 16. exd6+ Kf8 17. Be3 Re8 18. Nc5 Rxe3 19. Rxe3 Qxc5 20. Qe2 g6 21. Re8+ Kg7 22. Rxh8 Kxh8 23. Qe8+ Kg7 24. Qxd7 Qb6 25. cxb4 Nd4 26. Qc7 Ne2+ 27. Kg2 d4+ 28. f3 Qxb4 29. d7 Qxb2 30. Qe5+ f6 31. Qe7+ Kh6 32. Kh3 Bxf3 33. Qf8+ Kg5 34. Qc5+ Kh6 35. Qf8+ Kg5 36. Qc5+ Kh6 37. Qf8+ 1/2-1/2

[Event "GER-chT U20"]
[Site "Kelheim"]
[Date "2007.12.28"]
[Round "3.2"]
[White "Hillmann, Michael"]
[Black "Pilat, Daniel"]
[Result "1/2-1/2"]
[WhiteElo "2034"]
[BlackElo "2079"]
[PlyCount "47"]
[EventDate "2007.12.27"]
[EventType "team-swiss"]
[EventRounds "7"]
[EventCountry "GER"]
[SourceTitle "EXT 2022"]
[Source "ChessBase"]
[SourceDate "2021.10.06"]
[SourceVersion "1"]
[SourceVersionDate "2021.10.06"]
[SourceQuality "1"]
[WhiteTeam "Sangerhausen U20"]
[BlackTeam "Bochum SG 1931 U20"]
[WhiteTeamCountry "GER"]
[BlackTeamCountry "GER"]

1. d4 d5 2. Nf3 Nf6 3. g3 Bg4 4. Bg2 Nbd7 5. 0-0 e6 6. c4 Bd6 7. Nc3 c6 8. Qc2 0-0 9. e4 Nxe4 10. Nxe4 dxe4 11. Qxe4 Nf6 12. Qc2 h6 13. b3 Qa5 14. Bb2 Ba3 15. Bc3 Bb4 16. Bb2 Ba3 17. Bxa3 Qxa3 18. Ne5 Bf5 19. Qe2 Rfd8 20. Rad1 a5 21. g4 Bh7 22. f4 Nd7 23. Rd2 Qb4 24. Rf3 1/2-1/2

[Event "GER-chT U20"]
[Site "Kelheim"]
[Date "2007.12.27"]
[Round "1.2"]
[White "Eibl, Maximilian"]
[Black "Pilat, Daniel"]
[Result "0-1"]
[WhiteElo "2004"]
[BlackElo "2079"]
[PlyCount "94"]
[EventDate "2007.12.27"]
[EventType "team-swiss"]
[EventRounds "7"]
[EventCountry "GER"]
[SourceTitle "EXT 2022"]
[Source "ChessBase"]
[SourceDate "2021.10.06"]
[SourceVersion "1"]
[SourceVersionDate "2021.10.06"]
[SourceQuality "1"]
[WhiteTeam "Kelheim SK U20"]
[BlackTeam "Bochum SG 1931 U20"]
[WhiteTeamCountry "GER"]
[BlackTeamCountry "GER"]

1. Nf3 d5 2. c4 e6 3. g3 Nf6 4. Bg2 dxc4 5. Qa4+ c6 6. Qxc4 b5 7. Qc2 Bb7 8. b3 Nbd7 9. Bb2 c5 10. 0-0 Be7 11. d3 0-0 12. a4 a6 13. Nc3 Qb6 14. Nd2 Bxg2 15. Kxg2 Rac8 16. e4 Rfd8 17. f4 Nb8 18. axb5 axb5 19. Nf3 Nc6 20. Qe2 Na5 21. Nd2 Rd7 22. Nd1 Rcd8 23. Nf2 c4 24. bxc4 bxc4 25. Bxf6 Bxf6 26. e5 cxd3 27. Qg4 Be7 28. Nfe4 Rd5 29. f5 exf5 30. Rxf5 Qe3 31. Kh3 Qh6+ 32. Kg2 Qe3 33. Kh3 Qh6+ 34. Kg2 Qg6 35. Qf4 Rf8 36. Nc3 Rc5 37. Nce4 Rb5 38. Rf1 Qe6 39. Rh5 Nc6 40. Nf3 h6 41. g4 Rb4 42. Nfd2 Bg5 43. Nxg5 hxg5 44. Qf3 Nxe5 45. Qh3 Qxg4+ 46. Qxg4 Rxg4+ 47. Kh3 f6 0-1

[Event "GER-chT U20"]
[Site "Kelheim"]
[Date "2007.12.27"]
[Round "2.2"]
[White "Pilat, Daniel"]
[Black "Kirch, Daniel"]
[Result "1-0"]
[WhiteElo "2079"]
[BlackElo "2004"]
[PlyCount "39"]
[EventDate "2007.12.27"]
[EventType "team-swiss"]
[EventRounds "7"]
[EventCountry "GER"]
[SourceTitle "EXT 2022"]
[Source "ChessBase"]
[SourceDate "2021.10.06"]
[SourceVersion "1"]
[SourceVersionDate "2021.10.06"]
[SourceQuality "1"]
[WhiteTeam "Bochum SG 1931 U20"]
[BlackTeam "Grossenseebach U20"]
[WhiteTeamCountry "GER"]
[BlackTeamCountry "GER"]

1. e4 e5 2. Nf3 Nc6 3. d4 exd4 4. Bc4 Nf6 5. e5 d5 6. Bb5 Ne4 7. Nxd4 Bd7 8. Bxc6 bxc6 9. 0-0 Bc5 10. f3 Ng5 11. f4 Ne4 12. Nc3 Nxc3 13. bxc3 0-0 14. Kh1 f6 15. Nb3 Be7 16. Be3 fxe5 17. fxe5 Bf5 18. Nd4 Qd7 19. Rxf5 Rxf5 20. e6 1-0